Normal view MARC view

Entry Personal Name

Number of records used in: 2

001 - CONTROL NUMBER

  • control field: 40818

003 - CONTROL NUMBER IDENTIFIER

  • control field: dpl

005 - DATE AND TIME OF LATEST TRANSACTION

  • control field: 20120204154137.0

008 - FIXED-LENGTH DATA ELEMENTS

  • fixed length control field: 120204|||a|||||| | ||| d

040 ## - CATALOGING SOURCE

  • Original cataloging agency: dpl
  • Transcribing agency: dpl

100 ## - HEADING--PERSONAL NAME

  • Personal name: Mata-Toledo, Raman A.

670 ## - SOURCE DATA FOUND

  • Source citation: Work cat.: (dpl): Mata-Toledo, Raman A., Schaum's outline of introduction to computer science /, 2000

670 ## - SOURCE DATA FOUND

  • Source citation: Work cat.: (dpl): Mata-Toledo, Raman A., Schaum's outline of introduction to computer science /, 2000

© Delhi Public Library
Hit Counter
free hit counter